| 000 | 00687mam a2200181 a 4500 | ||
|---|---|---|---|
| 020 | _a1575040174 | ||
| 082 |
_a623.893 _bKEN _cN-01,P-92 |
||
| 100 | 1 |
_aKennedy, Michael, _938086 |
|
| 245 | 1 | 4 |
_aThe Global Positioning System and GIS / _cby Michael Kennedy. |
| 260 |
_aChelsea, MI : _bAnn Arbor Press, Inc., _cc1996. |
||
| 300 |
_axxiii, 268 p. : _bill. ; _c24 cm. + _e1 computer laser optical disc (4 3/4 in.) |
||
| 500 | _aCover title: The Global Positioning System and GIS : an introduction. | ||
| 526 |
_a0 _b0 _c0 _d623_893000000000000_KEN |
||
| 650 | 0 |
_aGeographic information systems. _96117 |
|
| 650 | 0 |
_aGlobal Positioning System. _921037 |
|
| 650 | 0 |
_aNUST _96342 |
|
| 942 |
_2ddc _cBK |
||
| 999 |
_c550963 _d550963 |
||